most players with the same nationalities in the eredevisie - Statistics

General Stats
  • This quiz has been taken 22 times
  • The average score is 14 of 20
Answer Stats
Players Country % Correct
27 Belgium
94%
340 Netherlands
94%
6 Brazil
89%
23 Germany
89%
8 Portugal
89%
14 France
83%
10 Spain
83%
9 United States
78%
8 England
72%
5 Turkey
72%
16 Denmark
67%
8 Greece
61%
7 Japan
61%
9 Morocco
61%
13 Norway
61%
11 Sweden
61%
6 Suriname
56%
8 Croatia
50%
6 Indonesia
39%
11 Curacao
33%
No matching quizzes found
Score Distribution
Percent of People with Each Score
Percentile by Number Answered
Your Score History
You have not taken this quiz